UBT Library

Working smarter : (Record no. 40740)

000 -LEADER
fixed length control field 00700cam a2200217 a 4500
001 - CONTROL NUMBER
control field 2928698
005 - DATE AND TIME OF LATEST TRANSACTION
control field 20180123042530.0
008 - FIXED-LENGTH DATA ELEMENTS--GENERAL INFORMATION
fixed length control field 890823s1989 gau 000 0 eng
010 ## - LIBRARY OF CONGRESS CONTROL NUMBER
LC control number 89063037
040 ## - CATALOGING SOURCE
Original cataloging agency DLC
Transcribing agency DLC
Modifying agency DLC
041 ## - LANGUAGE CODE
Language code of text/sound track or separate title eng
043 ## - GEOGRAPHIC AREA CODE
Geographic area code n-us---
080 ## - UNIVERSAL DECIMAL CLASSIFICATION NUMBER
Universal Decimal Classification number 340.068 erz
082 00 - DEWEY DECIMAL CLASSIFICATION NUMBER
Classification number 340.068 erz
Edition number 20
100 1# - Rafti
Rafti 63
101 ## - Shkurtesa
Shkurtesa man
245 10 - TITLE STATEMENT
Title Working smarter :
Statement of responsibility, etc Ezra Tom Clark, Jr.
906 ## - LOCAL DATA ELEMENT F, LDF (RLIN)
a 7
b cbc
c orignew
d 2
e opcn
f 19
g y-gencatlg
942 ## - ADDED ENTRY ELEMENTS (KOHA)
Source of classification or shelving scheme
Item type Books
Holdings
Withdrawn status Lost status Source of classification or shelving scheme Damaged status Not for loan Collection code Permanent location Current location Shelving location Date acquired Total Checkouts Full call number Barcode Date last seen Price effective from Koha item type
          Koleksioni i përgjithshem UBT - Lipjan UBT - Lipjan Koleksioni i përgjithshem 01/23/2018   340.068 erz 002-2996064 01/23/2018 01/23/2018 Books
UBT Library © 2015-2024. All rights reserved University Education for Business and Technology